| 000 | 01046nam a2200265Ia 4500 | ||
|---|---|---|---|
| 003 | OSt | ||
| 005 | 20210422134552.0 | ||
| 008 | 210310s1960 sp gr 001 0 spa d | ||
| 040 |
_aCO-JMCR _cCO-JMCR |
||
| 041 | 1 |
_aspa _heng |
|
| 082 | 0 | 4 |
_a336 / _bH631h1 _223 |
| 100 | 1 |
_aHicks, Ursula k., _915166 _eautora |
|
| 245 | 1 | 0 |
_aHacienda Pública / _cUrsula k. Hicks ; traducción del inglés, José Luis Villar Palasí ; revisión y prólogo por Manuel de Torres |
| 250 | _aTercera edición | ||
| 260 |
_aMadrid : _bAguilar, _c1960 |
||
| 300 |
_bxxviii, 364 páginas ; _c22 cm. |
||
| 490 | 0 |
_aBiblioteca de Ciencias Sociales. Economía ; _v1 |
|
| 500 | _aIncluye notas a pie de página e índices de autores y materias. | ||
| 505 | 0 | _aLa contabilidad pública -- Teoría de la imposición -- La hacienda pública en la economía nacional | |
| 650 | 1 | 4 |
_aHacienda Pública _915168 |
| 650 | 2 | 4 |
_aEconomía _937054 |
| 700 | 1 |
_aVillar Palasí, José Luis, _etraductor _937053 |
|
| 700 | 1 |
_aTorres, Manuel de, _erevisión _93623 |
|
| 942 |
_2ddc _cBK |
||
| 999 |
_c7690 _d7690 |
||